Score 0/70 Timer 12:00
0 Plays Today
Hint Answer % Correct
SuperheroMario
97.3%
Superhero's PartnerLuigi
95.6%
PrincessPeach
93.8%
Mushroom HeadToad
88.5%
FatWario
87.6%
EnemyBowser
87.6%
Flower GirlDaisy
85%
Apple EaterYoshi
84.1%
Banana EaterDonkey Kong
83.2%
ShellKoopa
82.3%
SkinyWaluigi
81.4%
MonkeyDiddy Kong
73.5%
Enemy's SonBowser Jr
72.6%
Goomba
68.1%
Superhero in TrainingBaby Mario
56.6%
SuckerBirdo
53.1%
Toadette
52.2%
Baby Luigi
51.3%
Boo
50.4%
King Boo
46.9%
Rosalina
46.9%
Baby Peach
46%
Baby Daisy
46%
Shy Guy
45.1%
Paratroopa
43.4%
Toadsworth
40.7%
Dry Bones
38.9%
Lakitu
37.2%
Dixie Kong
36.3%
Petey Piranha
35.4%
Funky Kong
33.6%
Wiggler
33.6%
Paragoomba
31.9%
Bullet Bill
31.9%
Blooper
30.1%
Hint Answer % Correct
Hammer Bro
29.2%
Cheep Cheep
28.3%
Bob-Omb
28.3%
Dry Bowser
27.4%
Spiny
26.5%
Whomp
25.7%
Luma
24.8%
Cranky Kong
24.8%
Chain Chomp
23.9%
Chain Chomp
23.9%
Tiny Kong
23%
Boomerang Bro
18.6%
Monty Mole
18.6%
Spike
16.8%
King Bob-Omb
16.8%
Baby Wario
15.9%
Fire Bro
15%
Metal Mario
13.3%
Pauline
12.4%
Noki
12.4%
Pianta
12.4%
Noki
12.4%
Boom Boom
11.5%
Pokey
11.5%
Baby Yoshi
9.7%
Fly Guy
9.7%
Ice Bro
9.7%
Pom Pom
8.8%
Gooper Blooper
8%
Shadow Mario
7.1%
Ukiki
6.2%
Thwhomp
6.2%
Honey Bee
2.7%
Mr.L
1.8%
Pink Boo
1.8%

You're not logged in!

Compare scores with friends on all Sporcle quizzes.
OR
Log In

Sporcle TV

Today on Sporcle TV


Watch our educational content, quiz creation guides, and fun videos on Sporcle TV.

Show Comments

Extras

Created Sep 21, 2013ReportNominate
Tags:Mario Quiz, Character

Top Quizzes Today


Score Distribution

Paid Content

Your Account Isn't Verified!

In order to create a playlist on Sporcle, you need to verify the email address you used during registration. Go to your Sporcle Settings to finish the process.

Report this User

Report this user for behavior that violates our Community Guidelines.

Details: